Sports olympiques d’été - Mort subite - Statistiques

Statistiques générales
  • Ce quiz a été pris 2 209 fois
    1 011 depuis la dernière actualisation
  • Le résultat moyen est 13 sur 34
Answers on the Grid
Answers color-coded by a green-red scale on the quiz's grid according to % correct below.
Athlétisme
Aviron
Badminton
Baseball
Basket-ball
Canoë-kayak
Cyclisme
Équitation
Escalade
Escrime
Football
Golf
Gymnastique
Haltérophilie
Handball
Hockey sur gazon
Judo
Lutte
Natation
Pentathlon moderne
Rugby à sept
Skateboard
Surf
Taekwondo
Tennis
Tennis de table
Tir à l'arc
Tir sportif
Triathlon
Volley-ball
Beach-volley
Voile
Cricket
Croquet
Crosse
Jeu de paume
Jeu de raquettes
Karaté
Pelote basque
Polo
Roque
Rugby à XV
Tir à la corde
Breakdance
Bowling
Football américain
Korfbal
Ski nautique
Ju-jitsu
Billard
Boxe
Beach soccer
 
Statistiques - réponses
Réponse % Correct
Natation
50%
Athlétisme
49%
Football
49%
Tennis de table
49%
Basket-ball
48%
Escrime
48%
Gymnastique
48%
Judo
47%
Tennis
47%
Handball
46%
Cyclisme
45%
Rugby à sept
45%
Tir à l'arc
45%
Badminton
43%
Équitation
43%
Volley-ball
43%
Aviron
42%
Beach-volley
41%
Boxe
41%
Canoë-kayak
41%
Surf
40%
Escalade
38%
Triathlon
36%
Voile
36%
Haltérophilie
32%
Tir sportif
32%
Lutte
31%
Taekwondo
27%
Hockey sur gazon
26%
Golf
25%
Pentathlon moderne
25%
Skateboard
25%
Baseball
8%
Cricket
2%
Aucun quiz correspondant
Distribution des résultats
% des personnes avec chaque résultat
Percentile par nombre de réponses
Votre historique - résultats
Vous n’avez pas pris ce quiz depuis la dernière actualisation